A PARENT'S GUIDE TO EAR TUBES (Record no. 15426)

MARC details
000 -LEADER
fixed length control field 00301nam a22001337a 4500
003 - CONTROL NUMBER IDENTIFIER
control field SGT
020 ## - INTERNATIONAL STANDARD BOOK NUMBER
International Standard Book Number 1-55009-321-5
082 ## - DEWEY DECIMAL CLASSIFICATION NUMBER
Classification number 617.51
Item number P05R
100 ## - MAIN ENTRY--PERSONAL NAME
Personal name ROSENFELD, RICHARD
245 ## - TITLE STATEMENT
Title A PARENT'S GUIDE TO EAR TUBES
260 ## - PUBLICATION, DISTRIBUTION, ETC. (IMPRINT)
Place of publication, distribution, etc HAMILTON
Name of publisher, distributor, etc BC DECKER
Year of Publication 2005
300 ## - PAGE DESCRIPTION
No. of Pages 128
942 ## - ADDED ENTRY ELEMENTS (KOHA)
Source of classification or shelving scheme Dewey Decimal Classification
Koha item type Books
Holdings
Withdrawn status Lost status Source of classification or shelving scheme Damaged status Not for loan Collection code Home library Current library Shelving location Date acquired Vendor Name SGTU Bill Number Total Checkouts Full call number Accession No. (Barcode) Date last seen Bill Date Koha item type
    Dewey Decimal Classification   Not For Loan MEDICAL SGT Medical Library SGT Medical Library Reference Book 06/04/2018 ABC SGTU 9529   617.51 P05R FM10556 06/04/2018 26/03/2018 Books